[Event "I Open A"]
[Site "Pedavena ITA"]
[Date "2005.08.05"]
[Round "5"]
[White "Torri, Graziano"]
[Black "Pegoraro, Nicola"]
[Result "0-1"]
[WhiteElo "1865"]
[BlackElo "2085"]
[PlyCount "76"]
[EventDate "2005.08.03"]

1. e4 c5 2. Nf3 d6 3. d4 cxd4 4. Nxd4 Nf6 5. Nc3 a6 6. Bc4 e6 7. Bb3 Nbd7 8.
Be3 Nc5 9. f3 Be7 10. Qd2 Qc7 11. O-O b5 12. a3 Nxb3 13. Nxb3 O-O 14. Rfd1 Bb7
15. Qf2 Nd7 16. Rd2 Bc6 17. Nd4 Ne5 18. b3 Bb7 19. Nde2 Rac8 20. Kh1 Qb8 21.
Bd4 Rc6 22. f4 Ng6 23. Rd3 Bh4 24. Qf3 f5 25. Qh5 fxe4 26. Nxe4 Rf5 27. Ng5
Bxg5 28. fxg5 Rxc2 29. Rh3 Nf8 30. Qg4 Qe8 31. Rg3 Qf7 32. Rg1 e5 33. Be3 d5
34. Rd1 Rf1+ 35. Ng1 d4 36. Bd2 Qf2 37. Rxf1 Qxf1 38. Bb4 Rc1 0-1

[Event "I Open A"]
[Site "Pedavena ITA"]
[Date "2005.08.06"]
[Round "6"]
[White "Andolfatto, Biagio"]
[Black "Castellano, Alfonso"]
[Result "0-1"]
[WhiteElo "1684"]
[BlackElo "1928"]
[PlyCount "66"]
[EventDate "2005.08.03"]

1. c4 e5 2. Nc3 Nf6 3. g3 c6 4. Bg2 d5 5. d4 e4 6. f3 exf3 7. exf3 Be6 8. c5
Be7 9. Nge2 O-O 10. Nf4 Bd7 11. O-O b6 12. b4 a5 13. Na4 bxc5 14. bxc5 Na6 15.
Nb6 Rb8 16. Bd2 a4 17. Nxd7 Qxd7 18. Qxa4 Nc7 19. Bh3 Qe8 20. Rfe1 Nb5 21. Ne2
Qd8 22. Ba5 Qe8 23. Bb6 Ra8 24. Qc2 Na3 25. Qc3 Qb8 26. Qd3 Ne8 27. Nc3 Bf6 28.
Bd7 Qb7 29. Bxe8 Rfxe8 30. Rxe8+ Rxe8 31. Nxd5 cxd5 32. Qxa3 Bxd4+ 33. Kf1 Bxa1
0-1

[Event "I Open A"]
[Site "Pedavena ITA"]
[Date "2005.08.06"]
[Round "6"]
[White "Brunelli, Giovanni"]
[Black "Pol, Fabio"]
[Result "0-1"]
[WhiteElo "1938"]
[BlackElo "1688"]
[PlyCount "40"]
[EventDate "2005.08.03"]

1. e4 e6 2. d4 d5 3. Nc3 Bb4 4. e5 c5 5. a3 Ba5 6. Qg4 Ne7 7. Qxg7 Rg8 8. Qxh7
cxd4 9. b4 dxc3 10. bxa5 Nbc6 11. f4 Nd4 12. Qd3 Nef5 13. Qxc3 Qh4+ 14. Kd1 Bd7
15. Nf3 Qh5 16. Rb1 Rc8 17. Qd3 Ba4 18. Rb2 Rxc2 19. Ke1 Rxc1+ 20. Kd2 Rd1+ 0-1

[Event "I Open A"]
[Site "Pedavena ITA"]
[Date "2005.08.06"]
[Round "6"]
[White "Cacco, Christian"]
[Black "Navarro, Stefano"]
[Result "1-0"]
[WhiteElo "2348"]
[BlackElo "2209"]
[PlyCount "105"]
[EventDate "2005.08.03"]

1. d4 d5 2. Nf3 e6 3. c4 Nf6 4. Bg5 Nbd7 5. e3 c6 6. Nbd2 Be7 7. Bd3 O-O 8. O-O
Re8 9. Qc2 Nf8 10. Ne5 N6d7 11. Bxe7 Qxe7 12. f4 f6 13. Nef3 f5 14. c5 Nf6 15.
b4 Bd7 16. a4 Rec8 17. Ne5 Rab8 18. Rfc1 Be8 19. Rab1 N8d7 20. Nxd7 Bxd7 21.
Nf3 Ng4 22. Qd2 Be8 23. Rb2 Qd8 24. b5 Nf6 25. bxc6 bxc6 26. Rcb1 Rxb2 27. Qxb2
Nd7 28. Qb7 Rc7 29. Qa6 Nb8 30. Qa5 Qc8 31. Rb3 h6 32. Ne5 Kf8 33. h3 Ke7 34.
Kh2 Kf6 35. g4 g6 36. Kg3 Kg7 37. Rb2 Bd7 38. Qb4 Na6 39. Qe1 Nb8 40. Qb1 Na6
41. Kh2 Be8 42. h4 Kf6 43. Kg3 Re7 44. g5+ Kg7 45. gxh6+ Kxh6 46. Kh3 Rg7 47.
Qg1 Nb8 48. Qg5+ Kh7 49. Qf6 Bd7 50. Nf7 Be8 51. Ng5+ Kg8 52. Nxe6 Rb7 53. Qf8+
1-0

[Event "I Open A"]
[Site "Pedavena ITA"]
[Date "2005.08.06"]
[Round "6"]
[White "Celotto, Carlo"]
[Black "Occari, Maurizio"]
[Result "0-1"]
[WhiteElo "1840"]
[BlackElo "2124"]
[PlyCount "52"]
[EventDate "2005.08.03"]

1. d4 a6 2. g3 g6 3. Bg2 Bg7 4. Nf3 Nf6 5. O-O d5 6. Re1 Ne4 7. Nbd2 Nc6 8. c3
f5 9. h3 O-O 10. Nh2 e5 11. dxe5 Nxe5 12. Nxe4 fxe4 13. Qb3 Kh8 14. Bf4 c6 15.
Rad1 Qe7 16. f3 g5 17. Be3 Nc4 18. Bd4 b5 19. e3 Bf5 20. f4 gxf4 21. gxf4 Rg8
22. Kh1 Qh4 23. Qc2 Bxh3 24. b3 Bxg2+ 25. Qxg2 Bxd4 26. Qe2 Nxe3 0-1

[Event "I Open A"]
[Site "Pedavena ITA"]
[Date "2005.08.06"]
[Round "6"]
[White "Cipolotti, Piersilvio"]
[Black "Rossi, Gianni"]
[Result "1/2-1/2"]
[WhiteElo "1700"]
[BlackElo "2108"]
[PlyCount "66"]
[EventDate "2005.08.03"]

1. Nf3 b6 2. g3 Bb7 3. Bg2 f5 4. O-O Nf6 5. d3 e6 6. Nbd2 Be7 7. Re1 O-O 8. e4
fxe4 9. dxe4 Bc5 10. h3 Qe8 11. a3 a5 12. c3 Nh5 13. b4 axb4 14. cxb4 Bxb4 15.
Bb2 Bc5 16. Nb3 Na6 17. Nxc5 Nxc5 18. Nd4 Qf7 19. Qc2 Nd3 20. Re2 Ndf4 21. gxf4
Nxf4 22. f3 Qg6 23. Kh2 Ra5 24. Rf2 Rh5 25. Qxc7 Nxh3 26. Bxh3 Bxe4 27. Qxd7
Bd5 28. Rg1 Rxh3+ 29. Kxh3 Qxg1 30. Rg2 Qh1+ 31. Kg3 Qh6 32. Qc7 Qe3 33. Kh2
Qh6+ 1/2-1/2

[Event "I Open A"]
[Site "Pedavena ITA"]
[Date "2005.08.06"]
[Round "6"]
[White "Drezzadore, Dario"]
[Black "Pojer, Romeo"]
[Result "1-0"]
[WhiteElo "2019"]
[BlackElo "2160"]
[PlyCount "69"]
[EventDate "2005.08.03"]

1. e4 d6 2. d4 Nf6 3. Nc3 g6 4. Nf3 Bg7 5. Be2 O-O 6. O-O Nc6 7. d5 Nb8 8. Ne1
c6 9. dxc6 Nxc6 10. Kh1 Bd7 11. f4 Qa5 12. g4 Rfd8 13. g5 Ne8 14. Nd5 e6 15.
Ne3 Nd4 16. Bd3 Bc6 17. c3 Nf5 18. N1g2 Nxe3 19. Bxe3 f5 20. gxf6 Nxf6 21. Qb3
Kh8 22. f5 gxf5 23. exf5 e5 24. Bg5 Re8 25. Rae1 e4 26. Bb1 d5 27. Rf4 e3 28.
Rh4 d4 29. Bxf6 Bd5 30. Bxg7+ Kxg7 31. Qc2 Rg8 32. Qe2 Kf7 33. Qh5+ Ke7 34. f6+
Kd6 35. Rxd4 1-0

[Event "I Open A"]
[Site "Pedavena ITA"]
[Date "2005.08.06"]
[Round "6"]
[White "Dussin, Davide"]
[Black "Torri, Graziano"]
[Result "1/2-1/2"]
[WhiteElo "1706"]
[BlackElo "1865"]
[PlyCount "78"]
[EventDate "2005.08.03"]

1. d4 Nf6 2. c4 c5 3. Nf3 cxd4 4. Qxd4 Nc6 5. Qd1 g6 6. Nc3 Bg7 7. g3 O-O 8.
Bg2 d6 9. O-O Rb8 10. e4 Bg4 11. h3 Bxf3 12. Qxf3 Ne5 13. Qe2 Rc8 14. b3 Nh5
15. Bb2 Qa5 16. Rfd1 Nf6 17. Nd5 Nxd5 18. Rxd5 Qb6 19. Rad1 Qc7 20. f4 Nc6 21.
Bxg7 Kxg7 22. e5 dxe5 23. fxe5 Rcd8 24. h4 Nb4 25. Rxd8 Rxd8 26. Rxd8 Qxd8 27.
Kh2 Qd7 28. a3 Na6 29. b4 b6 30. Qe4 e6 31. Qb7 Qxb7 32. Bxb7 Nc7 33. Kg2 f6
34. exf6+ Kxf6 35. Kf3 Ke5 36. Ke3 Ne8 37. c5 bxc5 38. bxc5 Nc7 39. g4 h6
1/2-1/2

[Event "I Open A"]
[Site "Pedavena ITA"]
[Date "2005.08.06"]
[Round "6"]
[White "Fracasso Pezzolato, Michele"]
[Black "Stiz, Massimiliano"]
[Result "0-1"]
[WhiteElo "1814"]
[BlackElo "1886"]
[PlyCount "24"]
[EventDate "2005.08.03"]

1. e4 e6 2. d4 d5 3. Nd2 Nf6 4. e5 Nfd7 5. c3 c5 6. Ngf3 Nc6 7. dxc5 Bxc5 8.
Nb3 Be7 9. Bb5 Qb6 10. Bxc6 bxc6 11. O-O O-O 12. Qd3 Ba6 0-1

[Event "I Open A"]
[Site "Pedavena ITA"]
[Date "2005.08.06"]
[Round "6"]
[White "Gromovs, Sergejs"]
[Black "Bini, Lorenzo"]
[Result "1-0"]
[WhiteElo "2375"]
[BlackElo "2009"]
[PlyCount "79"]
[EventDate "2005.08.03"]

1. d4 b6 2. c4 Bb7 3. Nc3 f5 4. Nf3 Nf6 5. g3 g6 6. Bg2 Bg7 7. O-O O-O 8. Bf4
Kh8 9. Rc1 Na6 10. a3 c5 11. d5 d6 12. e4 fxe4 13. Ng5 Nc7 14. Re1 Nh5 15. Be3
Bc8 16. Bxe4 Nf6 17. Bf3 Rb8 18. Bf4 b5 19. Qe2 bxc4 20. Qxe7 Qxe7 21. Rxe7 Nb5
22. Nxb5 Rxb5 23. Bxd6 Ne8 24. Bf4 h6 25. Nf7+ Kg8 26. d6 Nf6 27. Nxh6+ Kh7 28.
Rxc4 Rxb2 29. Rxc5 Rb1+ 30. Kg2 Ba6 31. Rc1 Rxc1 32. Bxc1 Rd8 33. Nf7 Rc8 34.
Rxa7 Bb5 35. Ng5+ Kh8 36. Bb2 Nd7 37. Nf7+ Kg8 38. Bxg7 Kxg7 39. Ne5 Rc1 40. h4
1-0

[Event "I Open A"]
[Site "Pedavena ITA"]
[Date "2005.08.06"]
[Round "6"]
[White "Inkiov, Ventzislav V."]
[Black "Luciani, Valerio"]
[Result "1-0"]
[WhiteElo "2472"]
[BlackElo "2248"]
[PlyCount "55"]
[EventDate "2005.08.03"]

1. d4 f5 2. Bg5 g6 3. Nc3 d5 4. e3 Nh6 5. Nf3 Nf7 6. Bf4 Bg7 7. h4 c6 8. h5 Nd7
9. Be2 e5 10. dxe5 Ndxe5 11. Nd4 Qe7 12. Qd2 Be6 13. Na4 Nc4 14. Bxc4 dxc4 15.
Nxe6 Qxe6 16. O-O-O O-O 17. hxg6 hxg6 18. Qd7 Qf6 19. Qxb7 g5 20. Bc7 c3 21.
Nxc3 Qe6 22. Qb3 Qxb3 23. axb3 Be5 24. Rd7 Bxc7 25. Rxc7 Rfc8 26. Rd7 Rd8 27.
Rhd1 Kg7 28. Na4 1-0

[Event "I Open A"]
[Site "Pedavena ITA"]
[Date "2005.08.06"]
[Round "6"]
[White "Maniero, Andrea"]
[Black "Basso, Piergiorgio"]
[Result "0-1"]
[WhiteElo "1898"]
[BlackElo "1712"]
[PlyCount "77"]
[EventDate "2005.08.03"]

1. e4 c5 2. Nc3 d6 3. f4 g6 4. d4 cxd4 5. Qxd4 Nf6 6. e5 Nh5 7. exd6 Bg7 8.
Bb5+ Bd7 9. Qd3 O-O 10. Nge2 Nc6 11. dxe7 Qxe7 12. Nd5 Qd6 13. O-O Bf5 14. Qf3
Bxc2 15. Ndc3 Rac8 16. f5 Nd4 17. Qf2 Bxf5 18. Be3 Nxe2+ 19. Bxe2 Nf6 20. Bxa7
Ng4 21. Bxg4 Bxg4 22. h3 Bf5 23. Rad1 Qa6 24. Bd4 Bxd4 25. Rxd4 Rc4 26. Rfd1
Rxd4 27. Qxd4 f6 28. Nd5 Qe6 29. a3 Kf7 30. Nc7 Qc6 31. Nd5 Rd8 32. b4 Bc2 33.
b5 Qe6 34. Rd2 Bb3 35. Qc3 Rxd5 36. Rf2 Rd1+ 37. Kh2 Qd6+ 38. g3 Bd5 39. Rf3
0-1

[Event "I Open A"]
[Site "Pedavena ITA"]
[Date "2005.08.06"]
[Round "6"]
[White "Marcori, Mirko"]
[Black "Moi, Roberto"]
[Result "1-0"]
[WhiteElo "1730"]
[BlackElo "2010"]
[PlyCount "58"]
[EventDate "2005.08.03"]

1. d4 f5 2. Nf3 Nf6 3. c4 g6 4. e3 Bg7 5. g3 O-O 6. Bg2 d6 7. O-O Qe8 8. b3 Ne4
9. Bb2 c5 10. Nbd2 Nf6 11. Rb1 Na6 12. a3 Bd7 13. Re1 Rb8 14. e4 fxe4 15. Nxe4
Nxe4 16. Rxe4 Bf5 17. Nh4 Bxe4 18. Bxe4 b5 19. d5 Bxb2 20. Rxb2 bxc4 21. Qg4
Rf6 22. Nf5 Qf7 23. Qg5 Rxf5 24. Bxf5 Qxf5 25. Qxe7 Qe5 26. Qxa7 Qxb2 27. Qxa6
Rf8 28. Kg2 Rxf2+ 29. Kh3 Rxh2+ 1-0

[Event "I Open A"]
[Site "Pedavena ITA"]
[Date "2005.08.06"]
[Round "6"]
[White "Navarro, Emanuele"]
[Black "Cortina, Federico"]
[Result "1-0"]
[WhiteElo "2158"]
[BlackElo "1868"]
[PlyCount "89"]
[EventDate "2005.08.03"]

1. d4 Nf6 2. c4 g6 3. Nc3 Bg7 4. e4 d6 5. Nf3 O-O 6. Be2 e5 7. d5 a5 8. O-O h6
9. g3 Na6 10. Nh4 Nc5 11. f3 Kh7 12. Be3 Ne8 13. Ng2 f5 14. exf5 gxf5 15. f4 b6
16. Qc2 Nf6 17. fxe5 dxe5 18. g4 Kh8 19. gxf5 Bd7 20. Rad1 Nb7 21. Nh4 Be8 22.
Ng6+ Bxg6 23. fxg6 Nd6 24. c5 bxc5 25. Na4 Re8 26. Nxc5 Qe7 27. Qc1 Ng8 28. Ne6
Rec8 29. Bg4 Qh4 30. h3 h5 31. Bf2 Qf6 32. Nxg7 hxg4 33. Ne6 Qxg6 34. Bg3 gxh3
35. Kh2 Qe4 36. Rf2 Nf5 37. Qg5 Rf8 38. Rdd2 Rf7 39. Rde2 Qxd5 40. Bxe5+ Kh7
41. Qh5+ Ngh6 42. Ng5+ Kg8 43. Rxf5 Rxf5 44. Qg6+ Kf8 45. Bg7+ 1-0

[Event "I Open A"]
[Site "Pedavena ITA"]
[Date "2005.08.06"]
[Round "6"]
[White "Pegoraro, Nicola"]
[Black "Dvirnyy, Danyyil"]
[Result "0-1"]
[WhiteElo "2085"]
[BlackElo "2141"]
[PlyCount "77"]
[EventDate "2005.08.03"]

1. e4 c5 2. c3 Nf6 3. e5 Nd5 4. d4 cxd4 5. cxd4 e6 6. Nf3 Nc6 7. Bc4 Nb6 8. Bb5
a6 9. Bd3 d5 10. O-O Nb4 11. Be2 Bd7 12. Nc3 Rc8 13. a3 Nc6 14. Bd2 Nc4 15.
Bxc4 dxc4 16. Ne4 h6 17. Bc3 Be7 18. Nfd2 b5 19. Qg4 O-O 20. Rad1 b4 21. axb4
Nxb4 22. Bxb4 Bxb4 23. Nf6+ Kh8 24. Nde4 Ba4 25. d5 Bxd1 26. Rxd1 exd5 27. Qf5
g6 28. Qf4 Kg7 29. Rxd5 Qe7 30. h4 Rcd8 31. Ng4 g5 32. hxg5 Rxd5 33. gxh6+ Kh8
34. Nef6 Rd1+ 35. Kh2 Rg8 36. Qf5 Rg6 37. Ne3 Rxh6+ 38. Kg3 Rd3 39. Qc8+ 0-1

[Event "I Open A"]
[Site "Pedavena ITA"]
[Date "2005.08.06"]
[Round "6"]
[White "Pomaro, Alberto"]
[Black "Chinello, Gianmarco"]
[Result "1/2-1/2"]
[WhiteElo "1943"]
[BlackElo "2070"]
[PlyCount "36"]
[EventDate "2005.08.03"]

1. d4 d5 2. c4 c6 3. cxd5 cxd5 4. Nc3 e6 5. Nf3 Nf6 6. Bf4 Bd7 7. e3 a6 8. Bd3
Nc6 9. O-O Be7 10. Rc1 O-O 11. Ne5 Rc8 12. Qe2 b5 13. a4 b4 14. Nb1 a5 15. Ba6
Nxe5 16. Bxc8 Bxc8 17. Bxe5 Ne8 18. b3 Nd6 1/2-1/2

[Event "I Open A"]
[Site "Pedavena ITA"]
[Date "2005.08.06"]
[Round "6"]
[White "Quaranta, Cristiano"]
[Black "Starostits, Ilmars"]
[Result "0-1"]
[WhiteElo "2026"]
[BlackElo "2474"]
[PlyCount "118"]
[EventDate "2005.08.03"]

1. d4 d5 2. c4 c6 3. cxd5 cxd5 4. Nc3 Nf6 5. Nf3 Nc6 6. Bf4 e6 7. e3 Be7 8. Bd3
O-O 9. O-O a6 10. Rc1 Bd7 11. Ne5 Rc8 12. Bg5 Nxe5 13. dxe5 Ne8 14. Bxe7 Qxe7
15. f4 f6 16. Qh5 g6 17. Qh4 Qg7 18. exf6 Nxf6 19. Qf2 Bc6 20. Qc2 d4 21. exd4
Ng4 22. Ne2 Ne3 23. Qd2 Nxf1 24. Rxf1 Bd5 25. b3 Qd7 26. Qe3 a5 27. Ng3 a4 28.
Ne4 Bxe4 29. Qxe4 Rcd8 30. Bc4 Qxd4+ 31. Qxd4 Rxd4 32. Bxe6+ Kg7 33. bxa4 Rfxf4
34. Rb1 Rb4 35. Rxb4 Rxb4 36. Bb3 b6 37. Kf2 Kf6 38. Kf3 Ke5 39. g3 g5 40. h3
h6 41. Ke3 Rd4 42. Kf3 Rb4 43. Ke3 Rd4 44. Bc2 Rc4 45. Kd3 Rc7 46. Bb3 h5 47.
Bd1 Rd7+ 48. Kc2 h4 49. gxh4 gxh4 50. Bg4 Rd4 51. Be2 Rxa4 52. Kb3 Re4 53. Bf1
Re1 54. Bg2 Rg1 55. Bc6 Rg3+ 56. Kb4 Rxh3 57. Kb5 Ra3 58. Kxb6 h3 59. Bd7 h2
0-1

[Event "I Open A"]
[Site "Pedavena ITA"]
[Date "2005.08.06"]
[Round "6"]
[White "Ranfagni, Stefano"]
[Black "Quaranta, Gaetano"]
[Result "1-0"]
[WhiteElo "1934"]
[BlackElo "1631"]
[PlyCount "61"]
[EventDate "2005.08.03"]

1. c4 Nf6 2. b3 g6 3. Bb2 Bg7 4. Nf3 Nc6 5. e3 d6 6. d4 e6 7. a3 Bd7 8. Bd3 O-O
9. O-O a5 10. Nbd2 Re8 11. e4 e5 12. d5 Ne7 13. Qc2 b6 14. b4 axb4 15. axb4
Rxa1 16. Rxa1 Nh5 17. g3 Bh3 18. Bf1 Bxf1 19. Nxf1 Qd7 20. Qa4 Qc8 21. Ne3 Rf8
22. Qa7 f5 23. Ng5 f4 24. Nf1 fxg3 25. hxg3 Qg4 26. Bc1 Nf4 27. Bxf4 exf4 28.
Ne6 fxg3 29. Nxg3 Bxa1 30. Qxa1 Rf7 31. Qa8+ 1-0

[Event "I Open A"]
[Site "Pedavena ITA"]
[Date "2005.08.06"]
[Round "6"]
[White "Schiatti, Piero"]
[Black "Solinas, Carlo"]
[Result "0-1"]
[WhiteElo "1970"]
[BlackElo "2074"]
[PlyCount "84"]
[EventDate "2005.08.03"]

1. c4 Nf6 2. g3 d6 3. Bg2 e5 4. Nc3 g6 5. e4 Bg7 6. Nge2 O-O 7. O-O c6 8. d4
Qe7 9. h3 Nbd7 10. d5 c5 11. Be3 Ne8 12. g4 Nb6 13. Qb3 f5 14. f3 h5 15. gxh5
f4 16. Bf2 Qg5 17. Kh2 Qxh5 18. Nb5 Bf6 19. Nxa7 Rxa7 20. Qxb6 Ra6 21. Qb3 Rf7
22. Qc3 Rh7 23. Ng1 g5 24. a3 b6 25. b4 Raa7 26. bxc5 bxc5 27. Rab1 Rag7 28.
Rb8 g4 29. fxg4 Qxg4 30. Qf3 Qd7 31. Qb3 Bd8 32. Qb5 Rxg2+ 33. Kxg2 Qg7+ 34.
Kf3 Rxh3+ 35. Ke2 Bd7 36. Qb2 Qg4+ 37. Ke1 Ba5+ 38. Rb4 Rxa3 39. Ne2 Bxb4+ 40.
Kd1 Qf3 41. Kc1 Nf6 42. Rg1+ Bg4 0-1

[Event "I Open A"]
[Site "Pedavena ITA"]
[Date "2005.08.06"]
[Round "6"]
[White "Sottroi, Carlo"]
[Black "Gaido, Paolo"]
[Result "1/2-1/2"]
[WhiteElo "1802"]
[BlackElo "2114"]
[PlyCount "80"]
[EventDate "2005.08.03"]

1. e4 d6 2. d4 Nf6 3. Nc3 g6 4. Bg5 c6 5. Bc4 b5 6. Bd3 Nbd7 7. Nf3 Nb6 8. O-O
Bg7 9. h3 O-O 10. Ne2 a6 11. c3 Qc7 12. Ng3 e5 13. Re1 c5 14. Qe2 Ne8 15. Rac1
Be6 16. Bb1 h6 17. Be3 Nc4 18. d5 Bd7 19. Red1 Nxe3 20. Qxe3 Nf6 21. Nh2 Nh7
22. Ng4 Bxg4 23. hxg4 Qe7 24. f3 Qh4 25. Kf2 Qg5 26. Qxg5 Nxg5 27. Bd3 c4 28.
Bc2 Nh7 29. Ne2 Nf6 30. Rh1 Nd7 31. g3 Nc5 32. Kg2 Rfb8 33. Rb1 a5 34. b3 cxb3
35. axb3 a4 36. b4 Nd7 37. Ra1 Rc8 38. Bd3 Rab8 39. Kf2 Rb7 40. Ra2 Nf6 1/2-1/2

[Event "I Open A"]
[Site "Pedavena ITA"]
[Date "2005.08.06"]
[Round "6"]
[White "Xia, Jie"]
[Black "Fragni, Enrico"]
[Result "1-0"]
[WhiteElo "2121"]
[BlackElo "1861"]
[PlyCount "69"]
[EventDate "2005.08.03"]

1. e4 c6 2. d4 d6 3. Nc3 Qc7 4. f4 Nd7 5. Nf3 h6 6. Bd3 e5 7. Qe2 Ngf6 8. Bd2
Be7 9. O-O-O b5 10. Rdg1 a5 11. g4 Nh7 12. g5 hxg5 13. fxg5 g6 14. h4 exd4 15.
Nxd4 Ne5 16. Bf4 Bd7 17. Nf3 Nf8 18. Nd4 Qb6 19. Be3 Qb7 20. h5 gxh5 21. Nf5
Ne6 22. Rxh5 Rxh5 23. Qxh5 Bf8 24. Nh6 O-O-O 25. Nxf7 Re8 26. Nxe5 dxe5 27. Rf1
Bg7 28. Be2 Rh8 29. Qg6 Rg8 30. Rd1 Re8 31. Bg4 Bf8 32. Bf2 Qc7 33. Ne2 Bd6 34.
Ng3 Nd4 35. Qxe8+ 1-0

[Event "IV Festival Marco Gerolamo Vida A"]
[Site "Cremona ITA"]
[Date "2005.04.23"]
[Round "1"]
[White "Olivieri, Claudio"]
[Black "Giannetta, Paolo"]
[Result "1-0"]
[WhiteElo "1919"]
[BlackElo "2045"]
[PlyCount "57"]
[EventDate "2005.04.23"]

1. e4 d6 2. d4 Nf6 3. Nc3 g6 4. Nf3 Bg7 5. Bc4 O-O 6. O-O Nc6 7. h3 Nxe4 8.
Bxf7+ Rxf7 9. Nxe4 Bf5 10. Ng3 Qd7 11. c3 h6 12. Re1 Kh7 13. Nh4 e6 14. Nhxf5
exf5 15. Bd2 f4 16. Ne4 f3 17. Qc1 fxg2 18. Kxg2 Qf5 19. f4 Re7 20. Ng3 Qd5+
21. Kh2 Rae8 22. Rxe7 Rxe7 23. Qf1 Nd8 24. Qd3 c5 25. f5 c4 26. fxg6+ Kh8 27.
Qf1 Nc6 28. Nf5 Re4 29. Bxh6 $139 1-0

[Event "IV Festival Marco Gerolamo Vida A"]
[Site "Cremona ITA"]
[Date "2005.04.23"]
[Round "2"]
[White "Mosconi, Ariel"]
[Black "Olivieri, Claudio"]
[Result "1/2-1/2"]
[WhiteElo "2182"]
[BlackElo "1919"]
[PlyCount "104"]
[EventDate "2005.04.23"]

1. e4 e6 2. Qe2 c5 3. Nf3 Nc6 4. g3 g6 5. Bg2 Bg7 6. O-O Nge7 7. Re1 O-O 8. d3
d5 9. Nbd2 Bd7 10. a3 Re8 11. Nf1 Rc8 12. e5 Qc7 13. c4 Nf5 14. Bf4 dxc4 15.
dxc4 Ncd4 16. Nxd4 Nxd4 17. Qd3 Bc6 18. Be4 Bxe4 19. Qxe4 Qc6 20. Nd2 Qxe4 21.
Rxe4 Red8 22. Rb1 h6 23. h4 Rd7 24. b4 b6 25. Kg2 Rcd8 26. bxc5 bxc5 27. Nf1
Kh7 28. Rb2 Nf5 29. Rb5 Bf8 30. Re1 Rd4 31. Rb7 Nxh4+ 32. Kh3 Nf3 33. Re3 Nd2
34. Nxd2 Rxd2 35. Rxf7+ Kg8 36. Rf3 Kxf7 37. Bxd2+ Kg7 38. Ba5 Rd4 39. Rb3 Rxc4
40. Rb7+ Kg8 41. Bc7 Rd4 42. Rxa7 Rd7 43. Bb6 Rxa7 44. Bxa7 c4 45. a4 c3 46.
Bd4 c2 47. Bb2 Bb4 48. Bc1 h5 49. g4 Kg7 50. Kh4 Be7+ 51. Kh3 Bb4 52. Kh4 Be7+
1/2-1/2

[Event "IV Festival Marco Gerolamo Vida A"]
[Site "Cremona ITA"]
[Date "2005.04.24"]
[Round "3"]
[White "Olivieri, Claudio"]
[Black "Luciani, Valerio"]
[Result "1/2-1/2"]
[WhiteElo "1919"]
[BlackElo "2241"]
[PlyCount "77"]
[EventDate "2005.04.23"]

1. e4 d6 2. d4 Nf6 3. Nc3 c6 4. Nf3 Bg4 5. Be2 e6 6. Bg5 Be7 7. e5 Nd5 8. Bxe7
Nxe7 9. Ne4 Nc8 10. Qd2 d5 11. Nc5 Bxf3 12. Bxf3 b6 13. Nd3 Ne7 14. g3 Nd7 15.
c3 O-O 16. O-O Rc8 17. Rac1 c5 18. Ne1 cxd4 19. cxd4 Rxc1 20. Qxc1 Qc8 21. Qd2
Qa6 22. a3 Rc8 23. Be2 Qa4 24. Bd3 Nb8 25. Nf3 Nbc6 26. Rc1 h6 27. Kg2 Kf8 28.
Bc2 Qa5 29. Qe3 Qa6 30. Bd3 Qb7 31. Nd2 Na5 32. Rxc8+ Qxc8 33. b4 Nac6 34. Nb3
a5 35. b5 a4 36. bxc6 axb3 37. Bb5 Nxc6 38. Bxc6 Qxc6 39. Qxb3 1/2-1/2

[Event "IV Festival Marco Gerolamo Vida A"]
[Site "Cremona ITA"]
[Date "2005.04.24"]
[Round "4"]
[White "Panizzi, Giuseppe"]
[Black "Olivieri, Claudio"]
[Result "1-0"]
[WhiteElo "2130"]
[BlackElo "1919"]
[PlyCount "143"]
[EventDate "2005.04.23"]

1. c4 c6 2. Nc3 d5 3. cxd5 cxd5 4. d4 e5 5. e3 exd4 6. Qxd4 Nf6 7. Nf3 Bd6 8.
Be2 O-O 9. O-O Bf5 10. Rd1 Nc6 11. Qh4 h6 12. a3 a6 13. h3 b5 14. Nd4 Nxd4 15.
Qxd4 Bc2 16. Rd2 Bb3 17. e4 Qe7 18. exd5 Bc5 19. Qf4 Rad8 20. Qf3 Rfe8 21. Bf1
Qd7 22. Re2 Rxe2 23. Bxe2 Bxd5 24. Nxd5 Nxd5 25. Bd2 Nf6 26. Bc3 Qe6 27. Bxf6
Qxf6 28. Qxf6 gxf6 29. b4 Bd4 30. Ra2 Kf8 31. Bf3 Be5 32. Kf1 Rd7 33. Ke2 Rc7
34. Be4 Ke7 35. Bd3 Rc1 36. a4 Ra1 37. Rxa1 Bxa1 38. axb5 axb5 39. Kd2 Bd4 40.
Bxb5 Bxf2 41. Kd3 f5 42. Kc4 Kd6 43. Be8 f6 44. Bh5 Bg1 45. Bf3 Bf2 46. Kb5 Kc7
47. Ka6 Be3 48. Kb5 Kd6 49. Kc4 Bb6 50. Bh5 Bf2 51. Bg6 f4 52. Bh5 Bg1 53. Kd3
Ke5 54. Bf3 Bb6 55. Kc4 Kd6 56. Ba8 Bf2 57. Kd3 Ke5 58. Ke2 Be3 59. Kf3 Kd4 60.
b5 Ke5 61. h4 Kf5 62. Bc6 Bb6 63. Bd7+ Ke5 64. Kg4 Bf2 65. Bc8 Ke4 66. Kh5 Be3
67. Kg6 Ke5 68. Bb7 Bf2 69. h5 Be3 70. Bf3 Ke6 71. Kxh6 Kf5 72. Kg7 1-0

[Event "XI Festival B"]
[Site "Verona ITA"]
[Date "2005.01.02"]
[Round "1"]
[White "Luciani, Valerio"]
[Black "Corti, Corrado"]
[Result "1-0"]
[WhiteElo "2192"]
[BlackElo "2012"]
[PlyCount "103"]
[EventDate "2005.01.02"]

1. d4 d5 2. c4 e6 3. Nc3 Nf6 4. cxd5 exd5 5. Bg5 Be7 6. e3 O-O 7. Qc2 c6 8. Bd3
Nbd7 9. Nge2 h6 10. Bh4 Ne8 11. Bg3 Ndf6 12. f3 Nc7 13. O-O Ne6 14. Rad1 Re8
15. h3 Ng5 16. Bf5 Bxf5 17. Qxf5 Qd7 18. Qd3 Rad8 19. Be5 Nfh7 20. e4 dxe4 21.
fxe4 Bd6 22. Bxd6 Qxd6 23. h4 Ne6 24. e5 Qe7 25. g3 Nhf8 26. Qf5 Rd7 27. Ne4
Nh7 28. Nd6 Rf8 29. Qg4 Kh8 30. d5 cxd5 31. Rxd5 f6 32. Nf5 Qe8 33. Rxd7 Qxd7
34. Nxg7 Qxg7 35. Qxe6 fxe5 36. Rxf8+ Nxf8 37. Qc8 Kh7 38. Kf2 Qf7+ 39. Ke3 a6
40. Nc3 Ne6 41. Qc4 Qf5 42. Qe4 Qxe4+ 43. Kxe4 Nc5+ 44. Kf5 b5 45. b4 Nd3 46.
a3 Nb2 47. Kf6 Nc4 48. g4 Nxa3 49. g5 hxg5 50. hxg5 Kg8 51. g6 Nc4 52. Nd5 1-0

[Event "XI Festival B"]
[Site "Verona ITA"]
[Date "2005.01.03"]
[Round "2"]
[White "Corti, Corrado"]
[Black "Faini, Ivano"]
[Result "1-0"]
[WhiteElo "2012"]
[BlackElo "1864"]
[PlyCount "87"]
[EventDate "2005.01.02"]

1. d4 Nf6 2. g3 h6 3. Bg2 g6 4. e4 d6 5. Ne2 Bg7 6. O-O O-O 7. c4 c6 8. Nbc3
Re8 9. f3 Kh7 10. Be3 Qa5 11. Qc2 Qh5 12. b4 e5 13. h4 g5 14. hxg5 hxg5 15. Kf2
Qg6 16. Rh1+ Kg8 17. Bh3 Bxh3 18. Rxh3 Na6 19. a3 Rac8 20. dxe5 dxe5 21. Kg2
Rcd8 22. Bxa7 Rd7 23. Bb6 Re6 24. Rd1 Rxd1 25. Nxd1 Nb8 26. Bf2 Nbd7 27. Ne3 g4
28. Rh4 gxf3+ 29. Kxf3 Kf8 30. Qd3 Ke8 31. Nf5 Bf8 32. Be3 Nh7 33. Kg2 Ndf6 34.
Rh1 Ng4 35. Bb6 Bd6 36. c5 Rf6 37. cxd6 Kd7 38. b5 c5 39. Bxc5 Nf8 40. Qd5 Kc8
41. Ne7+ Kb8 42. Nxg6 Nxg6 43. d7 Ne7 44. Rh8+ 1-0

[Event "XI Festival B"]
[Site "Verona ITA"]
[Date "2005.01.03"]
[Round "3"]
[White "Garista, Eugenio"]
[Black "Corti, Corrado"]
[Result "1/2-1/2"]
[WhiteElo "2150"]
[BlackElo "2012"]
[PlyCount "160"]
[EventDate "2005.01.02"]

1. e4 c6 2. d4 d5 3. Nc3 dxe4 4. Nxe4 Bf5 5. Ng3 Bg6 6. h4 h6 7. h5 Bh7 8. Bd3
Bxd3 9. Qxd3 e6 10. Nf3 Nd7 11. Bf4 Ngf6 12. O-O Nd5 13. Bd2 Bd6 14. Ne4 Bc7
15. Rfe1 O-O 16. Rad1 N5f6 17. Qb3 Nb6 18. Ne5 Nxe4 19. Rxe4 Qd5 20. Rg4 Qxb3
21. axb3 Bxe5 22. dxe5 Rad8 23. Kf1 Rd7 24. Ke1 Rfd8 25. Re4 Rd5 26. c4 Rd3 27.
Re3 R3d7 28. Re2 Nc8 29. Ra1 b6 30. Bc3 Ne7 31. Rd2 Rxd2 32. Bxd2 Rd7 33. Rd1
a5 34. Be3 Rxd1+ 35. Kxd1 c5 36. g4 Kf8 37. Ke2 Nc6 38. f4 Ne7 39. Kf3 Ke8 40.
Ke4 Kd7 41. f5 Ng8 42. Bf2 f6 43. fxe6+ Kxe6 44. exf6 Nxf6+ 45. Kf4 Nd7 46. Be1
Nf6 47. Bc3 Ne8 48. Be5 Nf6 49. Bc7 Nd7 50. Bd8 Kf7 51. Kf5 Ke8 52. Bc7 Kf7 53.
Bf4 Nf8 54. Bb8 Ne6 55. Ba7 Nd4+ 56. Ke4 Nxb3 57. Kd5 Nc1 58. Bxb6 Nd3 59. b3
Nc1 60. Kxc5 Nxb3+ 61. Kb5 Kf6 62. Be3 Kf7 63. c5 Nxc5 64. Kxc5 Kf6 65. Bf4 a4
66. Kb4 Ke6 67. Kxa4 Kd5 68. Bxh6 gxh6 69. g5 Ke6 70. g6 Kf6 71. Kb4 Ke7 72.
Kc5 Ke6 73. Kd4 Kf6 74. Ke4 Kg7 75. Kf5 Kg8 76. Ke6 Kg7 77. Ke7 Kg8 78. Kf6 Kh8
79. Ke5 Kg7 80. Ke4 Kg8 1/2-1/2